000 01229nam a2200205Ia 4500
003 Ost
005 20260507075508.0
008 260507s9999||||xx |||||||||||||| ||und||
040 _cfsecg
041 _aara
082 _a336
100 _aالحيالي، وليد ناجي
_eمؤلف
245 0 _aالاتجاهات الحديثة في التحليل المالي /
_c وليد ناجي الحيالي
260 _aعمان:
_bإثراء للنشر,
_c2008
300 _a208 صفحة؛
_bإيضاحات ؛
_c25 سم
504 _aببليوغرافيا:ص ص.205-208
520 _aمقومات وخطوات التحليل المالي،الطرق والأساليب الفنية المستخدمة في التحليل المالي،النسب المالية لقائمة الدخل،النسب المالية المشتركة والنسب المعيارية،المقارنات الرأسية،الأساليب الحديثة في التحليل المالي،تحليل مؤشرات نتائج الأداء،تحليل المبيعات،تحليل قوى العمل الحي،التحليل المالي لأغراض التنبؤ بالفشل المالي
653 _aالمالية العامة
942 _cكتاب
999 _c44724
_d44724